000
00285nam a22001337a 4500
008
170306b xxu||||| |||| 00| 0 alb d
020
_a
9992700998
041
_a
alb
080
_a
611
100
_a
6
101
_a
SHM
245
_a
ANATOMIA PATOLOGJIKE
_c
SUBASHI, SH
942
_2
udc
_c
BK
999
_c
6866
_d
6866